Des restructurations du travail à l’accompagnement vers l’emploi / (notice nᵒ 14407)
[ vue normale ]
| 000 -LEADER | |
|---|---|
| fixed length control field | 02360 a2200409 4500 |
| 001 - CONTROL NUMBER | |
| control field | OB-septentrion-7758 |
| 003 - CONTROL NUMBER IDENTIFIER | |
| control field | FrMaCLE |
| 005 - DATE AND TIME OF LATEST TRANSACTION | |
| control field | 20251214082828.0 |
| 007 - PHYSICAL DESCRIPTION FIXED FIELD--GENERAL INFORMATION | |
| fixed length control field | cu ||||||m|||| |
| 008 - FIXED-LENGTH DATA ELEMENTS--GENERAL INFORMATION | |
| fixed length control field | 160629e||||||||xx |||||s|||||||||0|fr|d |
| 020 ## - INTERNATIONAL STANDARD BOOK NUMBER | |
| International Standard Book Number | 978-2-7574-1453-8 |
| 024 7# - OTHER STANDARD IDENTIFIER | |
| Standard number or code | 10.4000/books.septentrion.7758 |
| Source of number or code | doi |
| 040 ## - CATALOGING SOURCE | |
| Original cataloging agency | FR-FrMaCLE |
| 041 ## - LANGUAGE CODE | |
| Language code of text/sound track or separate title | fra |
| 100 1# - MAIN ENTRY--PERSONAL NAME | |
| Personal name | Bouchareb, Rachid |
| 245 10 - TITLE STATEMENT | |
| Title | Des restructurations du travail à l’accompagnement vers l’emploi / |
| Statement of responsibility, etc. | Rachid Bouchareb, Martin Thibault. |
| 260 ## - PUBLICATION, DISTRIBUTION, ETC. | |
| Place of publication, distribution, etc. | Villeneuve d’Ascq : |
| Name of publisher, distributor, etc. | Presses universitaires du Septentrion, |
| Date of publication, distribution, etc. | 2016. |
| 300 ## - PHYSICAL DESCRIPTION | |
| Extent | 150 p. |
| 500 ## - GENERAL NOTE | |
| General note | Ebook |
| 520 ## - SUMMARY, ETC. | |
| Summary, etc. | En montrant les dynamiques sociales qui façonnent le travail, compris en tant que rapport social qui dépasse la seule sphère de production qu'est l’entreprise, cet ouvrage collectif a choisi de croiser l’étude des changements dans les milieux de travail et les institutions publiques qui « accompagnent » le retour à l’emploi. Il met en discussion ces deux domaines de recherche : les rapports sociaux dans le travail et en dehors, afin d’appréhender les similitudes et de définir les statuts et identités sociales des individus. Les injonctions à la responsabilisation comme les processus d’individualisation et la casse des collectifs de travail sont suivis à partir de différentes enquêtes qui entrent en résonance : dans le secteur public comme dans le privé, dans l’industrie comme dans le tertiaire, auprès d’ouvriers comme d’employés, dans les agences pour l’emploi et les cellules de reclassement, en appréhendant les fermetures de sites comme les restructurations internes aux entreprises. |
| 540 ## - TERMS GOVERNING USE AND REPRODUCTION NOTE | |
| Terms governing use and reproduction | OpenEdition Books License |
| Uniform Resource Identifier | <a href="https://www.openedition.org/12554">https://www.openedition.org/12554</a> |
| 650 #4 - SUBJECT ADDED ENTRY--TOPICAL TERM | |
| Topical term or geographic name entry element | Social Sciences, Interdisciplinary |
| Topical term or geographic name entry element | restructuration |
| Topical term or geographic name entry element | individualisation |
| Topical term or geographic name entry element | responsabilisation |
| Topical term or geographic name entry element | public |
| Topical term or geographic name entry element | ouvrier |
| Topical term or geographic name entry element | identité collective |
| Topical term or geographic name entry element | management |
| Topical term or geographic name entry element | monde du travail |
| Topical term or geographic name entry element | privé |
| Topical term or geographic name entry element | employé |
| 700 1# - ADDED ENTRY--PERSONAL NAME | |
| Personal name | Thibault, Martin |
| 760 0# - MAIN SERIES ENTRY | |
| International Standard Serial Number | 2780-7959 |
| 776 ## - ADDITIONAL PHYSICAL FORM ENTRY | |
| International Standard Book Number | 978-2-7574-0882-7 |
| 856 4# - ELECTRONIC LOCATION AND ACCESS | |
| Data provenance | Bouchareb, Rachid |
| Uniform Resource Identifier | <a href="https://books.openedition.org/septentrion/7758">https://books.openedition.org/septentrion/7758</a> |
| Link text | Des restructurations du travail à l’accompagnement vers l’emploi |
Pas d'exemplaire disponible.
